000 00677cam a22002413a 4500
001 43745
003 PGUSA
005 20140828084008.0
008 130916s2013||||xxu|||||s|||||000 | eng d
040 _aPGUSA
_beng
042 _adc
050 4 _aG
245 1 0 _aWith the World's Great Travellers, Volume 4
_h[electronic resource]
260 _bProject Gutenberg,
_c2013
506 _aPublic domain in the USA.
516 _aElectronic text
653 _aVoyages and travels
700 1 _aMorris, Charles,
_d1833-1922
700 1 _aLeigh, Oliver Herbrand Gordon
830 0 _aProject Gutenberg
_v43745
856 4 0 _uhttp://www.gutenberg.org/ebooks/43745
942 _cEB
999 _c272996
_d272996